US States made by Periodic Element Symbols - Statistics

General Stats
  • This quiz has been taken 34 times
  • The average score is 5 of 6
Answer Stats
Hint Answer % Correct
Oxygen Hydrogen Iodine Oxygen OHIO
97%
Uranium Tantalum Hydrogen UTaH
94%
Sulfur Oxygen Uranium Thorium Carbon Argon Oxygen Lithium Sodium SOUTh CArOLiNa
76%
Molybdenum Nitrogen Tantalum Sodium MoNTaNa
71%
Tungsten Iodine Sulfur* Cobalt Nitrogen Sulfur Indium WISCoNSIn
65%
Neon Tungsten Hydrogen Americium Phosphorus** Sulfur Hydrogen Iodine Rhenium NeW HAmPSHIRe
56%
No matching quizzes found
Score Distribution
Percent of People with Each Score
Percentile by Number Answered
Your Score History
You have not taken this quiz